El libro de los siete mares / (Record no. 65428)

MARC details
000 -LEADER
campo de control de longitud fija 00839nam a2200241 i 4500
001 - NÚMERO DE CONTROL
campo de control 65428
003 - IDENTIFICADOR DE NÚMERO DE CONTROL
campo de control ES-MaACL
005 - FECHA Y HORA DE LA ÚLTIMA TRANSACCIÓN
campo de control 20230906165351.0
007 - CAMPO FIJO DE DESCRIPCIÓN FÍSICA--INFORMACIÓN GENERAL
campo de control de longitud fija t|
008 - DATOS DE LONGITUD FIJA--INFORMACIÓN GENERAL
campo de control de longitud fija 040113s1959 sp ||||1| spa d
100 1# - ENTRADA PRINCIPAL--NOMBRE DE PERSONA
Nombre de persona Freuchen, Peter.
9 (RLIN) 52542
245 13 - MENCIÓN DEL TÍTULO
Título El libro de los siete mares /
Mención de responsabilidad, etc. Peter Freuchen y David Lotti ; [versión española de R. Ballester Escalas y Julio Fernández Yáñez].
250 ## - MENCION DE EDICION
Mención de edición [1ª ed.].
260 ## - PUBLICACIÓN, DISTRIBUCIÓN, ETC.
Lugar de publicación, distribución, etc. Barcelona :
Nombre del editor, distribuidor, etc. Luis de Caralt,
Fecha de publicación, distribución, etc. [1959] (
Fabricante Casa Provincial de Caridad, Imp. Escuela)
300 ## - DESCRIPCIÓN FÍSICA
Extensión 480 p., 32 lám. ;
Dimensiones 22 cm.
490 1# - MENCIÓN DE SERIE
Mención de serie Cultura histórica
700 1# - ENTRADA AGREGADA--NOMBRE PERSONAL
Nombre de persona Lotti, David.
9 (RLIN) 74304
700 1# - ENTRADA AGREGADA--NOMBRE PERSONAL
Nombre de persona Ballester Escalas, R.
9 (RLIN) 25014
700 1# - ENTRADA AGREGADA--NOMBRE PERSONAL
Nombre de persona Fernández-Yáñez, Julio.
9 (RLIN) 50195
830 0# - PUNTO DE ACCESO ADICIONAL DE SERIE-TÍTULO UNIFORME
Título uniforme Cultura histórica
9 (RLIN) 182395
852 ## - LOCALIZACIÓN
Ubicación ES-MaACL
Número de control de estantería C-16464
Sublocalización o colección R.44210
Holdings
Estatus retirado Estado de pérdida Estado de daño No para préstamo Biblioteca de origen Biblioteca actual Ubicación en estantería Fecha de adquisición Fuente de adquisición Total de préstamos Signatura topográfica completa Código de barras Visto por última vez Precio de reemplazo Tipo de ítem Koha
        Biblioteca del Ateneo de Madrid Biblioteca del Ateneo de Madrid Galería 17/01/2008     C-16464 1068550 23/02/2023 23/02/2023 Libro impreso